| 000 | 00940cab a2200265 4500 | ||
|---|---|---|---|
| 001 | WB3308-43 | ||
| 008 | 090401t1997 xxu||||| |||| 00| 0 eng d | ||
| 035 | _a(Sirsi) u55699 | ||
| 041 | _aeng | ||
| 245 | _aRegional approach to trunk road planning | ||
| 260 | _c1997 | ||
| 350 | _a0 | ||
| 490 |
_aDepartment of Transport Press Notice _v(49) 18 February 1997 (5) |
||
| 520 | _aThe Department of Transport and the Department of the Environment have published a consultation draft of Regional Planning Guidance (RPG). The paper sets out strategic policies for land use and gives guidance on transport policy for each region. | ||
| 650 | _aCONSULTATION PAPER | ||
| 650 | _aDEPARTMENT OF TRANSPORT | ||
| 650 | _aDOE | ||
| 650 | _aDRAFT RPG | ||
| 650 | _aINTEGRATED LAND USE PLANNING | ||
| 650 | _aPOLICY DEVELOPMENT | ||
| 650 | _aROAD PLANNING | ||
| 690 | _aTRANSPORT AND COMMUNICATIONS | ||
| 942 | _n0 | ||
| 948 | _c04/03/1997 | ||
| 999 |
_c34050 _d34050 |
||